Timoleon Cheminais, ... sämmtliche Predikten Erster Band
| Format: | Book |
|---|---|
| Language: | English |
| PhysicalDescription: | 333 s. |
| Published: |
Pretzburg
Aloys Doll, und Schwaiger
1788
|
MARC
| LEADER | 00000nam a2200000 a 4500 | ||
|---|---|---|---|
| 001 | vtls008767804 | ||
| 003 | SK-MaSNL | ||
| 005 | 20260224205427.0 | ||
| 008 | 060530 000 0 eng | ||
| 040 | |a SNK |b slo |c SNK |e AACR2 | ||
| 245 | 1 | |a Timoleon Cheminais, ... sämmtliche Predikten |n Erster Band | |
| 260 | |a Pretzburg |b Aloys Doll, und Schwaiger |c 1788 | ||
| 300 | |a 333 s. | ||
| 999 | |c 1168079 |d 1170009 | ||
| 952 | |a SNK |b SNK |y PREZ |7 0 |p 17A0956635 |o snkSD 13893/1 |i snkKSF 4678/57 |8 5 |3 rekatalogizácia |0 0 |1 0 |4 0 |d 2006-05-30 |l 0 |r 2025-11-27 00:00:00 |w 2026-02-24 | ||


